| 000 | 00478nam a2200169 4500 | ||
|---|---|---|---|
| 003 | SEACOMMC | ||
| 005 | 20250421154031.0 | ||
| 008 | 241007b |||||||| |||| 00| 0 eng d | ||
| 020 |
_a 81-72731-68-X _cRs.250.00 |
||
| 040 | _aSEACOMMC | ||
| 082 |
_a658.3 _bK 92 |
||
| 100 | _aKrishna ,G R | ||
| 245 | 1 |
_aPersonnel/Human Resource Management: Principles and Practices _cG. R. Krishna, P. G. Aquinas |
|
| 260 |
_aDelhi _bAuthorspress _c 2004 |
||
| 650 | _aManagement | ||
| 942 | _cBOOK | ||
| 999 |
_c640 _d640 |
||